| 000 | 00594nmm a2200169Ia 4500 | ||
|---|---|---|---|
| 008 | 251105s9999||||xx |||||||||||||||||und|| | ||
| 020 | _a8476587732 | ||
| 041 | _aspa | ||
| 100 | _aAlmarza-Meñica, Juan Manuel | ||
| 245 | 0 |
_aLa religión: ¿cuestiona o consuela? : _b En torno a La leyenda de El Gran Inquisidor de F. Dostoievski |
|
| 264 |
_a[Madrid, España] : _bAnthropos, _c2006 |
||
| 300 | _a138 páginas | ||
| 490 | _aPensamiento crítico / Pensamiento utópico: crítica y utopía | ||
| 650 | _aReligion(s) | ||
| 856 | _uhttps://public.digitaliapublishing.com/a/13578 | ||
| 942 | _cCF | ||
| 999 |
_c73367 _d73367 |
||